=LDR 00000nam 2200000 4500 =001 INLIS000000000051304 =005 20221108090122 =035 ##$$a 0010-0917000108 =007 ta =008 221108################g##########0#ind## =020 ##$$a 978-602-317-132-3 =082 ##$$a 297.346 =084 ##$$a 297.346 UMM d =100 #$$a Ummu Runaisha =245 1#$$a Dahsyatnya Kisah Nabi Musa yang Perkasa /$c Ummu Runaisha =260 ##$$a Surakarta :$b Al-Qudwah Publishing,$c 2015 =300 ##$$a 96 hlm : $b ilus. ; $c 23 cm =650 #4$$a CERITA NABI MUSA =990 ##$$a 21702530 =990 ##$$a 21702529 =990 ##$$a 21702528 =990 ##$$a 21702527 =990 ##$$a 21702526 =990 ##$$a 21702526 =990 ##$$a 21702530 =990 ##$$a 21702529 =990 ##$$a 21702528 =990 ##$$a 21702527 =990 ##$$a 21702527 =990 ##$$a 21702530 =990 ##$$a 21702529 =990 ##$$a 21702528 =990 ##$$a 21702526 =990 ##$$a 21702528 =990 ##$$a 21702530 =990 ##$$a 21702529 =990 ##$$a 21702527 =990 ##$$a 21702526 =990 ##$$a 21702529 =990 ##$$a 21702530 =990 ##$$a 21702528 =990 ##$$a 21702527 =990 ##$$a 21702526 =990 ##$$a 21702530 =990 ##$$a 21702529 =990 ##$$a 21702528 =990 ##$$a 21702527 =990 ##$$a 21702526